[Event "USCL Baltimore vs Queens"]
[Site "Internet Chess Club"]
[Date "2008.09.15"]
[Round "4"]
[White "Thaler, Michael"]
[Black "Harris, Ian"]
[Result "1-0"]
[WhiteElo "2210"]
[BlackElo "2076"]
[PlyCount "49"]
[EventDate "2008.??.??"]

1. e4 e5 2. Nf3 Nc6 3. Bb5 f5 4. Nc3 fxe4 5. Nxe4 Nf6 6. Qe2 Qe7 7. O-O d5 8.
Ng3 e4 9. Nd4 Bd7 10. Ndf5 Bxf5 11. Nxf5 Qe5 12. Ng3 h5 13. c4 h4 14. cxd5 hxg3
15. dxc6 gxf2+ 16. Kxf2 Qc5+ 17. d4 Qxd4+ 18. Be3 Qxe3+ 19. Qxe3 b6 20. Ke2
Rxh2 21. Rxf6 gxf6 22. Qxe4+ Kf7 23. Bc4+ Kg7 24. Qg4+ Kh7 25. Qg8+ 1-0

[Event "USCL Baltimore vs Queens"]
[Site "Internet Chess Club"]
[Date "2008.09.15"]
[Round "4"]
[White "Zimmer, Ralph"]
[Black "Zhao, Parker"]
[Result "0-1"]
[WhiteElo "2328"]
[BlackElo "2236"]
[PlyCount "72"]
[EventDate "2008.??.??"]

1. d4 d5 2. Bg5 c6 3. Nf3 h6 4. Bh4 Bf5 5. e3 Qb6 6. Qc1 e6 7. c4 Be7 8. Bg3
Nf6 9. Nc3 Nbd7 10. Be2 O-O 11. c5 Qd8 12. h3 Ne4 13. Nxe4 Bxe4 14. O-O Re8 15.
Nd2 Bg6 16. b4 Bf6 17. f4 Be7 18. Nb3 Nf6 19. Na5 Qd7 20. a4 Bd8 21. Nb3 Ne4
22. Be1 Bc7 23. b5 f6 24. Qb2 Bh7 25. Nc1 g5 26. Nd3 Re7 27. a5 cxb5 28. a6 b6
29. Bb4 Rg7 30. cxb6 Bxb6 31. Rfc1 gxf4 32. exf4 e5 33. fxe5 Qxh3 34. Bf1 Qe3+
35. Kh2 Bxd4 36. Qa2 Qg1+ 0-1

[Event "USCL Baltimore vs Queens"]
[Site "Internet Chess Club"]
[Date "2008.09.15"]
[Round "4"]
[White "Lenderman, Alex"]
[Black "Enkhbat, Tegshsuren"]
[Result "1-0"]
[WhiteElo "2528"]
[BlackElo "2446"]
[PlyCount "73"]
[EventDate "2008.??.??"]

1. d4 d5 2. c4 c6 3. Nf3 Nf6 4. Nc3 a6 5. h3 b5 6. c5 g6 7. Bf4 Bg7 8. e3 Bf5
9. a4 b4 10. Na2 a5 11. Nc1 O-O 12. Nd3 Re8 13. Nde5 Nfd7 14. g4 Be6 15. Nxd7
Nxd7 16. Bd3 f6 17. g5 Nf8 18. Qe2 Qd7 19. O-O-O Bxh3 20. Rdg1 Bf5 21. gxf6
exf6 22. Bd6 Qe6 23. Nd2 Ra7 24. e4 Qf7 25. f3 Be6 26. Qh2 f5 27. e5 Rd7 28.
Nb3 Ra8 29. f4 Qe8 30. Kb1 Kh8 31. Qg3 Kg8 32. Rg2 Raa7 33. Nd2 b3 34. Nf3 Rab7
35. Bxf8 Bxf8 36. Ng5 Rb4 37. Qh3 1-0

[Event "USCL Baltimore vs Queens"]
[Site "Internet Chess Club"]
[Date "2008.09.15"]
[Round "4"]
[White "Blehm, Pawel"]
[Black "Vovsha, Eli"]
[Result "1-0"]
[WhiteElo "2551"]
[BlackElo "2532"]
[PlyCount "113"]
[EventDate "2008.??.??"]

1. e4 c5 2. Nf3 d6 3. Nc3 a6 4. d4 cxd4 5. Nxd4 Nf6 6. Be3 e6 7. f3 b5 8. Qd2
b4 9. Na4 Nbd7 10. c4 bxc3 11. Nxc3 Bb7 12. Be2 Be7 13. O-O O-O 14. Rac1 Qb8
15. Rc2 Rd8 16. Rfc1 d5 17. exd5 Nxd5 18. Nxd5 Bxd5 19. Qe1 Bd6 20. g3 Qb7 21.
Qf1 Nf6 22. a3 e5 23. Nf5 Bf8 24. b4 Qd7 25. g4 Qa4 26. Rc3 Be6 27. Bg5 Nd5 28.
Bxd8 Nxc3 29. Rxc3 Rxd8 30. Ne3 Rd2 31. Bxa6 Ra2 32. Qb5 Rxa3 33. Qxa4 Rxa4 34.
b5 Bb4 35. Rc6 Ra1+ 36. Kf2 Ra2+ 37. Kf1 Ra1+ 38. Ke2 Ra2+ 39. Nc2 Bf8 40. Ke3
g6 41. Ke4 h5 42. h3 h4 43. Kxe5 Bg7+ 44. Kd6 Bf8+ 45. Kc7 Bd5 46. Rc3 Bg7 47.
Rc5 Bxf3 48. Nb4 Rh2 49. Nc6 Rxh3 50. b6 Bxc6 51. Kxc6 Rb3 52. Bb5 Rc3 53. Bc4
Re3 54. b7 Re8 55. Kd7 Rf8 56. Rc8 Be5 57. Ke7 1-0

[Event "USCL Seattle vs Chicago"]
[Site "Internet Chess Club"]
[Date "2008.09.15"]
[Round "4"]
[White "Lee, Michael"]
[Black "Tate, Emory"]
[Result "0-1"]
[WhiteElo "2314"]
[BlackElo "2392"]
[PlyCount "108"]
[EventDate "2008.??.??"]

1. c4 e5 2. Nc3 Nc6 3. g3 f5 4. Bg2 Nf6 5. e3 d5 6. cxd5 Nb4 7. d3 Nfxd5 8.
Nxd5 Nxd5 9. Nf3 Bd6 10. O-O Nf6 11. Qb3 Qe7 12. e4 fxe4 13. dxe4 a5 14. Nd2 a4
15. Qc2 O-O 16. Nc4 Bc5 17. Be3 Ng4 18. Bxc5 Qxc5 19. Ne3 Qxc2 20. Nxc2 Rd8 21.
h3 Nf6 22. Ne3 Be6 23. f4 Rd3 24. Rfe1 Ra5 25. f5 Bf7 26. g4 g5 27. Nd5 Nxd5
28. exd5 Bxd5 29. Bf1 Rd2 30. Rxe5 Rc5 31. Rae1 a3 32. bxa3 Rc3 33. R5e3 Rxe3
34. Rxe3 Kf7 35. Rd3 Rxd3 36. Bxd3 Bxa2 37. Kf2 Kf6 38. Be4 b6 39. Ke3 Ke5 40.
Bc6 Bc4 41. Bg2 c5 42. Bf3 Bf1 43. Kf2 Bxh3 44. Be2 h5 45. gxh5 Bxf5 46. Ke3
Kf6 47. Kd2 g4 48. Kc3 Kg5 49. Kc4 g3 50. Bf3 Be6+ 51. Kb5 Bd7+ 52. Kc4 Be8 53.
Kc3 Bxh5 54. Bc6 Kf4 0-1

[Event "USCL Seattle vs Chicago"]
[Site "Internet Chess Club"]
[Date "2008.09.15"]
[Round "4"]
[White "Strunk, Adam"]
[Black "May, Andy"]
[Result "0-1"]
[WhiteElo "2113"]
[BlackElo "2134"]
[PlyCount "72"]
[EventDate "2008.??.??"]

1. d4 d5 2. c4 c6 3. Nf3 Nf6 4. Qc2 Bg4 5. Nbd2 e6 6. g3 Nbd7 7. Bg2 Be7 8. O-O
O-O 9. Re1 Rc8 10. Qb3 Qb6 11. e4 Bxf3 12. Qxf3 Qxd4 13. cxd5 cxd5 14. exd5
Nxd5 15. Nf1 N7f6 16. Be3 Qxb2 17. a3 b6 18. Rab1 Qxa3 19. Ra1 Qc3 20. Rec1 Qb2
21. Rcb1 Qc2 22. Rc1 Qb2 23. Rcb1 Qe5 24. Rxa7 Bc5 25. Bxc5 bxc5 26. Ra5 c4 27.
Ne3 c3 28. Rc1 Rfd8 29. Bf1 Qd4 30. Ba6 Ra8 31. Rd1 Qb4 32. Rb5 Qa4 33. Nxd5
exd5 34. Rb6 Rxa6 35. Rxd5 Nxd5 36. Qxd5 Qd1+ 0-1

[Event "USCL Philadelphia vs San Francisco"]
[Site "Internet Chess Club"]
[Date "2008.09.17"]
[Round "4"]
[White "Kudrin, Sergey"]
[Black "Wolff, Patrick"]
[Result "1/2-1/2"]
[WhiteElo "2600"]
[BlackElo "2623"]
[PlyCount "46"]
[EventDate "2008.??.??"]

1. e4 c5 2. Nf3 d6 3. d4 cxd4 4. Nxd4 Nf6 5. Nc3 Nc6 6. Bg5 e6 7. Qd2 Be7 8.
O-O-O Nxd4 9. Qxd4 O-O 10. f3 Bd7 11. h4 Qa5 12. Bd2 Qc5 13. Qxc5 dxc5 14. e5
Nd5 15. Bg5 Bxg5+ 16. hxg5 Nxc3 17. bxc3 Bc6 18. Bd3 g6 19. Rh4 Kg7 20. Rdh1
Rh8 21. Kd2 b5 22. Ke3 Rab8 23. Be4 Bxe4 1/2-1/2

[Event "USCL Tennessee vs Arizona"]
[Site "Internet Chess Club"]
[Date "2008.09.17"]
[Round "4"]
[White "Johnson, Joel"]
[Black "Bick, John"]
[Result "1-0"]
[WhiteElo "2211"]
[BlackElo "2249"]
[PlyCount "39"]
[EventDate "2008.??.??"]

1. f4 e5 2. e4 Bc5 3. Qh5 Nc6 4. fxe5 g6 5. Qe2 Nd4 6. Qd3 Qe7 7. c3 Nc6 8. Qg3
d6 9. d4 Bb6 10. Bb5 Bd7 11. Bg5 f6 12. exf6 Qxe4+ 13. Ne2 Ne5 14. Nd2 Qd5 15.
c4 Nd3+ 16. Qxd3 Qxg5 17. f7+ Kxf7 18. Bxd7 Nf6 19. O-O Rad8 20. Ne4 1-0

[Event "USCL Dallas vs Miami"]
[Site "Internet Chess Club"]
[Date "2008.09.17"]
[Round "4"]
[White "Schneider, Igor"]
[Black "Perea, Osmany"]
[Result "1/2-1/2"]
[WhiteElo "2396"]
[BlackElo "2453"]
[PlyCount "72"]
[EventDate "2008.??.??"]

1. e4 e5 2. Nf3 Nf6 3. Nxe5 d6 4. Nf3 Nxe4 5. Nc3 Nxc3 6. dxc3 Be7 7. Be3 O-O
8. Qd2 Nd7 9. O-O-O Ne5 10. Kb1 Re8 11. Be2 Ng4 12. Bd3 c6 13. Bd4 c5 14. h3
Nf6 15. Be3 Qa5 16. c4 Qb6 17. Rhe1 Be6 18. Ng5 Bd7 19. Bf4 h6 20. Nf3 Bf8 21.
g4 Bc6 22. Nh4 d5 23. g5 hxg5 24. Bxg5 Ne4 25. Bxe4 Rxe4 26. Rxe4 dxe4 27. Nf5
Qc7 28. a3 Qe5 29. Ng3 Re8 30. Bf4 Qe6 31. Qe2 e3 32. Bxe3 Qxh3 33. Rg1 Rd8 34.
Bg5 Re8 35. Be3 Rd8 36. Bg5 Re8 1/2-1/2

[Event "USCL Carolina vs New York"]
[Site "Internet Chess Club"]
[Date "2008.09.17"]
[Round "4"]
[White "Zenyuk, Iryna"]
[Black "Jones, Craig"]
[Result "0-1"]
[WhiteElo "2249"]
[BlackElo "2320"]
[PlyCount "80"]
[EventDate "2008.??.??"]

1. d4 e6 2. c4 Nf6 3. Nf3 Bb4+ 4. Nbd2 b6 5. g3 Bb7 6. Bg2 O-O 7. O-O Bxd2 8.
Qxd2 d6 9. b3 Nbd7 10. Bb2 Ne4 11. Qc2 f5 12. Rfd1 Ndf6 13. d5 e5 14. Nd2 Nxd2
15. Rxd2 Bc8 16. b4 f4 17. c5 fxg3 18. hxg3 Ng4 19. e4 Qg5 20. a4 Qh6 21. Ra3
bxc5 22. b5 Qh2+ 23. Kf1 a6 24. Rf3 Rxf3 25. Bxf3 axb5 26. axb5 Bd7 27. Bxg4
Bxb5+ 28. Rd3 Qh1+ 29. Ke2 Qxe4+ 30. Kd2 Qxg4 31. Re3 Rf8 32. Kc1 Qh3 33. Re1
Rf3 34. Bc3 Qg2 35. Qb2 Bd3 36. Qb8+ Rf8 37. Qxc7 Qxf2 38. Bd2 Qd4 39. Qa5 Rb8
40. Bc3 Qf2 0-1

[Event "USCL Carolina vs New York"]
[Site "Internet Chess Club"]
[Date "2008.09.17"]
[Round "4"]
[White "Milman, Lev"]
[Black "Shabalov, Alex"]
[Result "1-0"]
[WhiteElo "2502"]
[BlackElo "2622"]
[PlyCount "85"]
[EventDate "2008.??.??"]

1. e4 e5 2. Nf3 Nc6 3. Bb5 Nf6 4. O-O Nxe4 5. d4 a6 6. Bxc6 dxc6 7. Qe2 Bf5 8.
g4 Bg6 9. Nxe5 Qxd4 10. Nxg6 hxg6 11. Nc3 f5 12. Bf4 Kf7 13. Nxe4 Qxe4 14. Qxe4
fxe4 15. Rad1 Re8 16. Kg2 g5 17. Bxc7 Rh6 18. Rd7+ Re7 19. Rfd1 b5 20. Bb6 Rhe6
21. Be3 Kg6 22. R1d6 Re8 23. Rd1 a5 24. b3 Bb4 25. a4 bxa4 26. bxa4 R8e7 27.
Rd8 Re5 28. Rc8 R5e6 29. Rdd8 Rb7 30. Rb8 Rxb8 31. Rxb8 Rd6 32. Re8 Bd2 33. Ba7
e3 34. fxe3 Bb4 35. Kf3 c5 36. Ke4 Rd7 37. Bb6 Rd6 38. Bc7 Rd2 39. c4 Ra2 40.
Be5 Rxa4 41. Re7 Ra2 42. Rxg7+ Kh6 43. h4 1-0

[Event "USCL New Jersey vs Boston"]
[Site "Internet Chess Club"]
[Date "2008.09.17"]
[Round "4"]
[White "Molner, Mackenzie"]
[Black "Riordan, Charles"]
[Result "1-0"]
[WhiteElo "2397"]
[BlackElo "2326"]
[PlyCount "123"]
[EventDate "2008.??.??"]

1. e4 e5 2. Nf3 Nc6 3. Bc4 Nf6 4. d3 Be7 5. O-O O-O 6. Re1 d6 7. a4 Na5 8. Ba2
c5 9. c3 Nc6 10. Nbd2 Be6 11. Bxe6 fxe6 12. Rb1 a6 13. Nf1 Qd7 14. Ng3 b5 15.
axb5 axb5 16. d4 exd4 17. cxd4 cxd4 18. Nxd4 Nxd4 19. Qxd4 Ra4 20. Qd1 d5 21.
b3 Ra2 22. e5 Ne8 23. Be3 g6 24. Re2 Rxe2 25. Qxe2 Ng7 26. Ra1 Rc8 27. Ra7 Rc7
28. Ra8+ Bf8 29. h4 Qc6 30. Qa2 Rc8 31. Ra6 Qc3 32. Ra8 Rxa8 33. Qxa8 Qxe5 34.
Bc5 Qf4 35. Ne2 Qf7 36. Nd4 Ne8 37. Bxf8 Kxf8 38. Nxb5 Qd7 39. Qb8 Ke7 40. Nd4
Qc7 41. Qb4+ Nd6 42. Qe1 Qd7 43. Qe5 Nf7 44. Qg7 e5 45. Nf3 Qf5 46. Qxh7 Ke6
47. Qg8 Kf6 48. Qf8 Qb1+ 49. Kh2 Qxb3 50. Nxe5 Kxe5 51. Qxf7 Qc2 52. Qg7+ Ke6
53. Qg8+ Ke5 54. Qg7+ Kd6 55. Qf8+ Ke6 56. Qe8+ Kd6 57. Qf8+ Kc7 58. Qf4+ Kc6
59. g4 Qd3 60. h5 gxh5 61. gxh5 Qd2 62. Qxd2 1-0

[Event "USCL New Jersey vs Boston"]
[Site "Internet Chess Club"]
[Date "2008.09.17"]
[Round "4"]
[White "Shmelov, Denys"]
[Black "Ippolito, Dean"]
[Result "0-1"]
[WhiteElo "2446"]
[BlackElo "2500"]
[PlyCount "90"]
[EventDate "2008.??.??"]

1. d4 Nf6 2. c4 e6 3. Nc3 Bb4 4. f3 c5 5. d5 Nh5 6. Nh3 d6 7. Nf2 f5 8. e4 exd5
9. exd5 O-O 10. Be2 Re8 11. O-O Bxc3 12. bxc3 Qh4 13. g4 Ng3 14. hxg3 Qxg3+ 15.
Kh1 f4 16. Ne4 Rxe4 17. Qe1 Re8 18. Qxg3 fxg3 19. Re1 Nd7 20. Kg2 Ne5 21. Bf4
Bd7 22. Kxg3 Re7 23. Bg5 Ree8 24. Bf4 Re7 25. Bg5 Ree8 26. Bf4 Re7 27. Bf1 Rae8
28. Bg5 Rf7 29. f4 Ng6 30. Bd3 Ne7 31. f5 h5 32. Re6 hxg4 33. Kxg4 g6 34. f6
Nc6 35. Bxg6 Ne5+ 36. Kh5 Bxe6 37. dxe6 Rxe6 38. Bxf7+ Kxf7 39. Rg1 Re8 40. Bh6
Rh8 41. Rg7+ Kxf6 42. Rxb7 Nf7 43. Rxa7 Rxh6+ 44. Kg4 Ne5+ 45. Kf4 Rh3 0-1

[Event "USCL Philadelphia vs San Francisco"]
[Site "Internet Chess Club"]
[Date "2008.09.17"]
[Round "4"]
[White "Naroditsky, Daniel"]
[Black "Wilson, Elvin"]
[Result "1-0"]
[WhiteElo "2321"]
[BlackElo "2240"]
[PlyCount "55"]
[EventDate "2008.??.??"]

1. Nf3 Nf6 2. g3 d5 3. Bg2 c6 4. O-O Bf5 5. d3 e6 6. Nbd2 h6 7. Qe1 Bh7 8. e4
Be7 9. Ne5 O-O 10. f4 Na6 11. Nb3 dxe4 12. dxe4 Nc5 13. Nxc5 Bxc5+ 14. Kh1 Qd4
15. c3 Qd6 16. Qe2 Rfd8 17. g4 Bb6 18. g5 hxg5 19. fxg5 Qxe5 20. gxf6 gxf6 21.
Bf4 Qc5 22. e5 fxe5 23. Bxe5 Bg6 24. Rae1 Rd3 25. Qg4 Rd5 26. b4 Qe7 27. Bxd5
exd5 28. Bf6 1-0

[Event "USCL Philadelphia vs San Francisco"]
[Site "Internet Chess Club"]
[Date "2008.09.17"]
[Round "4"]
[White "Costigan, Richard"]
[Black "Shankland, Sam"]
[Result "0-1"]
[WhiteElo "2288"]
[BlackElo "2364"]
[PlyCount "90"]
[EventDate "2008.??.??"]

1. e4 e6 2. d3 d5 3. Nd2 Nf6 4. Ngf3 b6 5. e5 Nfd7 6. d4 c5 7. c3 Be7 8. a3 Nc6
9. b4 a6 10. Bd3 Bb7 11. O-O c4 12. Be2 Qc7 13. Ne1 O-O-O 14. f4 f6 15. Ndf3 h6
16. g3 g5 17. Ng2 Rdg8 18. Qe1 gxf4 19. gxf4 Rg7 20. Kh1 Rhg8 21. Rg1 Nd8 22.
Be3 fxe5 23. fxe5 Nf7 24. Bf4 Ng5 25. Nxg5 Bxg5 26. Bg3 Nf8 27. Bh5 Qd8 28. Qe2
Bc6 29. Raf1 Be8 30. Bg4 Bg6 31. Bh3 Bd3 32. Qh5 Bxf1 33. Rxf1 Qe7 34. Rf6 Kb7
35. Nf4 Bxf6 36. exf6 Qxf6 37. Qf3 Ka7 38. Qe3 Re7 39. a4 Ng6 40. Ne2 Rf8 41.
Bg2 Nh4 42. Nf4 Nf5 43. Qf3 Nxg3+ 44. hxg3 Rg7 45. Kh2 Rxg3 0-1

[Event "USCL Carolina vs New York"]
[Site "Internet Chess Club"]
[Date "2008.09.17"]
[Round "4"]
[White "Simpson, Ron"]
[Black "Bonin, Jay"]
[Result "1-0"]
[WhiteElo "2346"]
[BlackElo "2370"]
[PlyCount "103"]
[EventDate "2008.??.??"]

1. e4 c5 2. Nf3 Nc6 3. d4 cxd4 4. Nxd4 e5 5. Nb5 d6 6. N1c3 a6 7. Na3 Be6 8.
Nc4 Rc8 9. Be3 Nd4 10. Bxd4 Bxc4 11. Bxc4 Rxc4 12. Be3 h6 13. Qd3 Rc6 14. O-O-O
Nf6 15. f3 Be7 16. g4 Qa5 17. h4 Kd7 18. g5 Rxc3 19. Qxc3 Qxc3 20. bxc3 hxg5
21. hxg5 Rxh1 22. Rxh1 Ne8 23. Rh7 Bf8 24. f4 exf4 25. Bxf4 Nc7 26. Be3 Ne6 27.
Kb2 Be7 28. Kb3 Bxg5 29. Bxg5 Nxg5 30. Rxg7 Nxe4 31. Rxf7+ Kc6 32. Re7 Nc5+ 33.
Kc4 Na4 34. Rh7 Nc5 35. Kb4 Ne4 36. a4 Nc5 37. a5 Ne4 38. Re7 Nc5 39. Kc4 Na4
40. Re1 Nc5 41. Rb1 Nd7 42. Kd4 Kc7 43. Kd5 Nf6+ 44. Ke6 Ne4 45. Rb4 Nc5+ 46.
Kd5 Kd7 47. Rh4 Kc7 48. Rh7+ Kb8 49. c4 Ka7 50. Re7 Na4 51. Kxd6 Nb2 52. Kc5
1-0

[Event "USCL Carolina vs New York"]
[Site "Internet Chess Club"]
[Date "2008.09.17"]
[Round "4"]
[White "Sarkar, Justin"]
[Black "Zaikov, Oleg"]
[Result "0-1"]
[WhiteElo "2473"]
[BlackElo "2376"]
[PlyCount "114"]
[EventDate "2008.??.??"]

1. d4 Nf6 2. c4 c5 3. d5 b5 4. cxb5 a6 5. bxa6 g6 6. Nc3 Bxa6 7. g3 d6 8. Bg2
Bg7 9. Nf3 Nbd7 10. Rb1 O-O 11. O-O Qa5 12. Bd2 Rfb8 13. Qc2 Nb6 14. b3 Qa3 15.
Bc1 Qa5 16. Bd2 Qa3 17. Rfd1 Nbxd5 18. Bc1 Nb4 19. Qd2 Qa5 20. a3 Nc6 21. b4
cxb4 22. axb4 Rxb4 23. Rxb4 Nxb4 24. Bb2 Bb7 25. Ra1 Qc5 26. Rxa8+ Bxa8 27. Ba3
Qa5 28. Nb1 Nc6 29. Qc2 Qb6 30. Nbd2 Ng4 31. Ne4 Ne3 32. Qa2 Nxg2 33. Neg5 Nd8
34. Bxd6 Bxf3 35. Bxe7 Qc7 36. Nxf3 Qxe7 37. Kxg2 Bf6 38. h4 h5 39. Qc4 Kg7 40.
Kf1 Qe6 41. Qd3 Qh3+ 42. Kg1 Ne6 43. e3 Qg4 44. Qd5 Nc5 45. Kg2 Ne4 46. Ne5
Bxe5 47. Qxe5+ Nf6 48. f3 Qc4 49. Qb2 Qc6 50. e4 Kh7 51. Qb3 Qe6 52. Qb2 Nd7
53. Qd4 Ne5 54. Qc3 Qa2+ 55. Kh3 Qb1 56. Kg2 Nd3 57. Qc7 Qa2+ 0-1

[Event "USCL Philadelphia vs San Francisco"]
[Site "Internet Chess Club"]
[Date "2008.09.17"]
[Round "4"]
[White "Friedel, Josh"]
[Black "Smith, Bryan"]
[Result "1-0"]
[WhiteElo "2595"]
[BlackElo "2442"]
[PlyCount "111"]
[EventDate "2008.??.??"]

1. e4 e6 2. d4 d5 3. Nc3 Bb4 4. e5 c5 5. a3 Bxc3+ 6. bxc3 Ne7 7. Qg4 Qc7 8. Bd3
c4 9. Be2 Qa5 10. Bd2 O-O 11. h4 Nbc6 12. h5 f6 13. exf6 Rxf6 14. h6 g6 15. Qh4
Rf7 16. Nf3 Bd7 17. Qh2 Raf8 18. O-O Nf5 19. Rfe1 Bc8 20. Ne5 Nxe5 21. Qxe5 Qc7
22. Qxc7 Rxc7 23. Bg4 Rc6 24. a4 Rb6 25. Reb1 Rxb1+ 26. Rxb1 Nd6 27. f3 Nf7 28.
a5 Rd8 29. Bf4 g5 30. Bd2 Rd6 31. Bh5 Ra6 32. Re1 Nxh6 33. Bxg5 Kg7 34. Bd8 Nf7
35. Be7 Rxa5 36. f4 Ra2 37. Re3 Nh8 38. Bd6 Ng6 39. g4 Rxc2 40. Rf3 Kf6 41. Bc7
Rd2 42. Bd8+ Kg7 43. f5 Rd3 44. Rf2 Rxc3 45. Bf6+ Kh6 46. Bxg6 Rc1+ 47. Kh2
hxg6 48. Bg5+ Kg7 49. f6+ Kf7 50. Bxc1 b5 51. Bd2 e5 52. dxe5 Bxg4 53. Kg3 Bf5
54. Bc3 a5 55. Bxa5 d4 56. Bb6 1-0

[Event "USCL Dallas vs Miami"]
[Site "Internet Chess Club"]
[Date "2008.09.17"]
[Round "4"]
[White "Prilleltensky, Matan"]
[Black "Vazirova, Karina"]
[Result "1/2-1/2"]
[WhiteElo "2116"]
[BlackElo "2108"]
[PlyCount "128"]
[EventDate "2008.??.??"]

1. e4 e6 2. d4 d5 3. Nd2 Nf6 4. e5 Nfd7 5. Bd3 c5 6. c3 Nc6 7. Ngf3 cxd4 8.
cxd4 f6 9. exf6 Nxf6 10. O-O Bd6 11. b3 O-O 12. Bb2 Bd7 13. Ne5 Be8 14. h3 Rc8
15. a3 Bh5 16. Qe1 Bb8 17. b4 a6 18. Nb3 Nxe5 19. dxe5 Nd7 20. f4 Bg6 21. Bxg6
hxg6 22. Qg3 Kh7 23. Rac1 Qe7 24. Nd2 Rxc1 25. Bxc1 g5 26. Nf3 gxf4 27. Bxf4
Rf5 28. Rc1 Nf8 29. Rc8 Ba7+ 30. Kh2 Bb6 31. Ng5+ Kg8 32. Qh4 Bd8 33. Qg3 Rxg5
34. Bxg5 Qxg5 35. Qxg5 Bxg5 36. g3 d4 37. h4 Be3 38. Kg2 d3 39. Rd8 d2 40. Kf3
Bb6 41. Rxd2 Kf7 42. Ke4 Ke7 43. h5 Nd7 44. Rc2 Nb8 45. a4 Nc6 46. b5 axb5 47.
axb5 Nd4 48. Rc8 Nxb5 49. Rg8 Kf7 50. Rb8 Nc3+ 51. Kf3 Nd5 52. Rxb7+ Bc7 53. g4
g6 54. Ra7 gxh5 55. gxh5 Kg7 56. Kg4 Kh6 57. Ra6 Bb6 58. Kh4 Bf2+ 59. Kg4 Nb6
60. Ra7 Nc4 61. Re7 Nxe5+ 62. Kh3 Kxh5 63. Rxe6 Ng6 64. Rxg6 Kxg6 1/2-1/2

[Event "USCL Dallas vs Miami"]
[Site "Internet Chess Club"]
[Date "2008.09.17"]
[Round "4"]
[White "Martinez, Marcel"]
[Black "Bartholomew, John"]
[Result "1/2-1/2"]
[WhiteElo "2469"]
[BlackElo "2488"]
[PlyCount "186"]
[EventDate "2008.??.??"]

1. d4 Nf6 2. c4 e6 3. Nf3 b6 4. a3 Ba6 5. Qc2 c5 6. d5 exd5 7. cxd5 d6 8. Nc3
Nbd7 9. Bf4 Be7 10. Qa4 Qc8 11. g3 O-O 12. Bh3 Qb7 13. Nb5 Ne5 14. Bg2 Bxb5 15.
Qxb5 a6 16. Qb3 Ng6 17. Bd2 Rac8 18. Ng5 h6 19. Ne4 Nxe4 20. Bxe4 Bf6 21. Qc2
Rfe8 22. Rd1 Qe7 23. f3 Bxb2 24. Qxb2 f5 25. Qxb6 fxe4 26. O-O exf3 27. exf3
Qf6 28. Qxa6 Ra8 29. Qd3 Ne5 30. Qc3 Ra4 31. Bf4 Nc4 32. Qb3 Rea8 33. Rfe1 Nxa3
34. Re8+ Kh7 35. Qd3+ g6 36. Re6 Qd4+ 37. Qxd4 Rxd4 38. Rxd4 cxd4 39. Rxd6 g5
40. Rd7+ Kg8 41. Bc1 Nc4 42. Rc7 Ne5 43. f4 Nf3+ 44. Kf2 g4 45. Ke2 Rd8 46. Rc5
Kf7 47. Kd3 Re8 48. Rc7+ Kf6 49. Rc6+ Kf7 50. Rc7+ Kf6 51. Rc6+ Kf7 52. Bd2 Rd8
53. Rc7+ Kf6 54. Rc6+ Kf7 55. d6 Ke6 56. Bb4 Rb8 57. Kc4 d3 58. d7+ Kxd7 59.
Rd6+ Ke8 60. Rxd3 Nxh2 61. Rd6 Kf7 62. Rxh6 Nf1 63. Be1 Re8 64. Bf2 Re2 65. Bd4
Nxg3 66. f5 Re4 67. Rh7+ Kg8 68. Rh8+ Kf7 69. Kd5 Rxd4+ 70. Kxd4 Nxf5+ 71. Ke5
g3 72. Rh1 g2 73. Rg1 Nh4 74. Kf4 Ke6 75. Kg3 Nf5+ 76. Kxg2 Ke5 77. Re1+ Kf4
78. Kf2 Nd4 79. Ra1 Ke4 80. Ra4 Ke5 81. Ke3 Nf5+ 82. Kd3 Nd6 83. Ra5+ Kf4 84.
Rc5 Nf5 85. Rd5 Ne7 86. Rd4+ Ke5 87. Re4+ Kd6 88. Kc4 Nc6 89. Re1 Ne5+ 90. Kb5
Kd5 91. Rd1+ Ke4 92. Kc5 Nd3+ 93. Rxd3 Kxd3 1/2-1/2

[Event "USCL Tennessee vs Arizona"]
[Site "Internet Chess Club"]
[Date "2008.09.17"]
[Round "4"]
[White "Ginsburg, Mark"]
[Black "Burnett, Ron"]
[Result "1/2-1/2"]
[WhiteElo "2410"]
[BlackElo "2412"]
[PlyCount "87"]
[EventDate "2008.??.??"]

1. e4 c5 2. Nf3 Nc6 3. Bb5 g6 4. Bxc6 bxc6 5. O-O Bg7 6. Re1 f6 7. c3 Nh6 8. d4
cxd4 9. cxd4 Nf7 10. Nc3 d6 11. Be3 O-O 12. h3 Rb8 13. Qd2 d5 14. exd5 cxd5 15.
Bf4 Rb7 16. Na4 g5 17. Bg3 g4 18. hxg4 Bxg4 19. Nc5 Rb6 20. Qf4 h5 21. Qc7 Bxf3
22. gxf3 e5 23. Qxd8 Rxd8 24. b3 Rc6 25. Kg2 f5 26. b4 e4 27. Rad1 Rg6 28. Kf1
Ng5 29. Bh4 Rdd6 30. Bxg5 Rxg5 31. Ke2 Rb6 32. a3 Kf7 33. Rh1 Rh6 34. Nb3 Rc6
35. Nc5 Kg6 36. b5 Rb6 37. a4 exf3+ 38. Kxf3 Rg4 39. Nd3 h4 40. Nf4+ Kg5 41.
Nh3+ Kh6 42. Nf4 Kg5 43. Nh3+ Kh6 44. Nf4 1/2-1/2

[Event "USCL Tennessee vs Arizona"]
[Site "Internet Chess Club"]
[Date "2008.09.17"]
[Round "4"]
[White "Andrews, Todd"]
[Black "Adamson, Robby"]
[Result "0-1"]
[WhiteElo "2350"]
[BlackElo "2377"]
[PlyCount "138"]
[EventDate "2008.??.??"]

1. d4 Nf6 2. e3 c5 3. Bd3 g6 4. c3 d6 5. f4 Bg7 6. Nf3 O-O 7. O-O Nc6 8. dxc5
dxc5 9. e4 e5 10. Na3 a6 11. Be3 b6 12. Qe2 exf4 13. Bxf4 Nh5 14. Bg5 Qc7 15.
Qd2 b5 16. Nc2 Be6 17. Qf2 f6 18. Be3 c4 19. Ncd4 Bd7 20. Bc2 Ne5 21. h3 Rae8
22. Nh2 Nd3 23. Bxd3 cxd3 24. g4 Qg3+ 25. Qxg3 Nxg3 26. Rfd1 Nxe4 27. Nf1 Nc5
28. Nb3 Na4 29. Rxd3 Bc8 30. Rd2 f5 31. Bc5 Nxc5 32. Nxc5 fxg4 33. hxg4 Re5 34.
Nd7 Bxd7 35. Rxd7 Re4 36. Nh2 Be5 37. Rad1 Bxh2+ 38. Kxh2 Re2+ 39. Kg3 Rxb2 40.
Ra7 Rf7 41. Rxa6 Rc7 42. Rd3 Rc2 43. Ra3 Kg7 44. Rf3 Kh6 45. Kh4 Rh2+ 46. Kg3
Rc2 47. Kh4 Rc4 48. Rb3 Rh2+ 49. Kg3 Rh1 50. g5+ Kxg5 51. Rxb5+ Kh6 52. Rb7 Kg5
53. Rb5+ Kh6 54. Kg2 Rch4 55. a3 R4h2+ 56. Kg3 Rh3+ 57. Kg4 Rxf3 58. Kxf3 Rh3+
59. Kg2 Rxc3 60. a4 Ra3 61. a5 g5 62. Rb6+ Kh5 63. a6 h6 64. Rc6 g4 65. Rb6 Kg5
66. Rc6 h5 67. Rb6 Ra2+ 68. Kg1 Kh4 69. Rc6 Kh3 0-1